BIBLIOTECA PODER JUDICIAL
Portal Judicial TDF

El mito de la constitución : (Registro nro. 652)

000 -LEADER
fixed length control field 01736nam a22001937a 4500
003 - CONTROL NUMBER IDENTIFIER
control field OSt
005 - DATE AND TIME OF LATEST TRANSACTION
control field 20220712123716.0
008 - FIXED-LENGTH DATA ELEMENTS--GENERAL INFORMATION
fixed length control field 180226b xxu||||| |||| 00| 0 spa d
040 ## - CATALOGING SOURCE
Transcribing agency PJ
100 ## - ASIENTO PRINCIPAL - NOMBRE DE PERSONA
9 (RLIN) 908
Personal name López, Mario Justo
245 13 - MENCIÓN DE TÍTULO
Título propiamente dicho El mito de la constitución :
Parte restante del título y tres ensayos sobre la democracia /
Mención de responsabilidad, etc Mario Justo Lopez.
260 ## - PUBLICATION, DISTRIBUTION, ETC. (IMPRINT)
Place of publication, distribution, etc Buenos Aires :
Name of publisher, distributor, etc Abeledo-Perrot,
Date of publication, distribution, etc 1963.
300 ## - DESCRIPCION FISICA
Extent 73 p.
Dimensions 24 cm.
500 ## - NOTA GENERAL
General note Bibliografía y notas al pie de página.
505 ## - FORMATTED CONTENTS NOTE
Formatted contents note EL MITO DE LA CONSTITUCIÓN.<br/>1. Una nueva concepción del mito.<br/>2. El mito soreliano.<br/>3. La constitución como mito.<br/>4. Ocaso.<br/>5. Renacimiento.<br/>QUE ES LA DEMOCRACIA<br/>1. La democracia, como forma de gobierno y como redimen integral o sistema social.<br/>2.La democracia, modelo irrealidad y peligro.<br/>3. La democracia contemporánea<br/>4. La creencia en la naturaleza racional del hombre y de la sociedad.<br/>5. Las modalidades reales de los protagonistas históricos.<br/>6. El constitucionalismo.<br/>7.La democracia constitucional.<br/>SOBRE DEFENSA DE LA DEMOCRACIA<br/>1. Limitación del tema.<br/>2. Los términos del dilema.<br/>3. La superación del dilema.<br/>4. Necesidad de defensa.<br/>6. Requisitos extrínsecos de la defensa.<br/>7. Requisitos intrínsecos de la defensa.<br/>MORENO Y LA DEMOCRACIA COMO FORMA DE VIDA<br/>1.Moreno y la palabra democracia.<br/>3. La palabra democracia a fines del siglo XVIII.<br/>4.Mariano Moreno ¿era o no demócrata?<br/>6. Moreno antes de la revolución.<br/>7. Moreno y la Revolución.<br/>8. Moreno y la democracia constitucional.<br/>9. Cambio de las ideas en las costumbres.<br/> <br/><br/>.<br/><br/>
Statement of responsibility MARIO JUSTO LOPEZ
Title EL MITO DE LA CONSATITUCIÓN
650 #0 - ASIENTO SECUNDARIO DE MATERIA - TERMINO TEMATICO
9 (RLIN) 178
Topical term or geographic name as entry element DERECHO CONSTITUCIONAL
650 #0 - ASIENTO SECUNDARIO DE MATERIA - TERMINO TEMATICO
9 (RLIN) 356
Topical term or geographic name as entry element DEMOCRACIA
942 ## - ADDED ENTRY ELEMENTS (KOHA)
Source of classification or shelving scheme
Koha item type Libros
Classification part 342.4
Item part LOP
Existencias
Withdrawn status Lost status Source of classification or shelving scheme Damaged status Not for loan Permanent Location Current Location Date acquired Full call number Barcode Date last seen Price effective from Koha item type
          Biblioteca Poder Judicial Sur Biblioteca Poder Judicial Sur 2018-06-05 342.4 LOP 3844 2018-06-05 2018-06-05 Libros

12 de Octubre 789 Ushuaia - Tel:  54(02901)441571
Horario de Atención: 8.00 a 17.00 hs. 
bibliotecaush@justierradelfuego.gov.ar
koha@justierradelfuego.gov.ar
Seguinos en nuestras redes @bibliojustdf 

Con tecnología Koha